Duty to revolt : transnational and commemorative aspects of revolution

Throughout the 19th century, revolutionary movements united intellectuals, artists, dissidents, and significant segments of the population in joint crusades in the name of justice or liberation against empires and aristocratic elites, often across class, religious, race and national lines. Duty to R...

Full description

Saved in:
Bibliographic Details
Other Authors Souvlis, George (Editor), Karatzogianni, Athina (Editor)
Format Electronic eBook
LanguageEnglish
Published Bingley, U.K. : Emerald Publishing Limited, 2023.
SeriesDigital activism and society.
Subjects
Online AccessFull text
ISBN9781803823171
DOI10.1108/9781803823157
Physical Description1 online resource (280 pages).

Cover

LEADER 00000nam a2200000Ii 4500
001 em-9781803823171
003 UtOrBLW
005 20231128175647.0
006 m o d
007 cr |||||||||||
008 231128t20232024enk ob 001 0 eng d
020 |a 9781803823171  |q (e-book) 
040 |a UtOrBLW  |b eng  |e rda  |c UtOrBLW 
080 |a 323.2 
082 0 4 |a 303.64  |2 23 
245 0 0 |a Duty to revolt :  |b transnational and commemorative aspects of revolution /  |c editors George Souvlis (University of Ioannina, Greece), Athina Karatzogianni (University of Leicester, UK). 
264 1 |a Bingley, U.K. :  |b Emerald Publishing Limited,  |c 2023. 
264 4 |c ©2024 
300 |a 1 online resource (280 pages). 
336 |a text  |b txt  |2 rdacontent 
337 |a computer  |b c  |2 rdamedia 
338 |a online resource  |b cr  |2 rdacarrier 
490 1 |a Digital activism and society: politics, economy and culture in network communication 
500 |a Includes index. 
504 |a Includes bibliographical references. 
505 0 |a Chapter 1. Introduction: The duty to revolt - transnational and commemorative aspects of revolution / Athina Karatzogianni and George Souvlis-- Part 1. HISTORICAL FOCUS -- Chapter 2. Colonizing the past: The greek revolution as an archetypal instance of cultural imperialism / Rosa Vasilaki -- Chapter 3. Revolution and constitutionalism in Africa: The duty to revolt in the sudanese and congolese constitutions / Dunia P. Zongwe -- Chapter 4. Anti-colonialist memory, culture and politics in Ireland / Niamh Kirk and Seamus Farrell -- Chapter 5. Building the new person: The greek revolution in the mountain readers / Eleftheria Papastefanaki, Christos Papathanasiou, and Nikos Vafeas -- Part 2. Commemorative focus -- Chapter 6. The revolutionary subject and its affective modalities: Love-duty, sacrifice and the heroic / Panos Kompatsiaris -- Chapter 7. Herstories: Activism, detention and torture / Bev Orton and Alexander D. Ornella -- Chapter 8. Commemorating the revolution as a duty to obey: From the rehabilitation of gregory the v to "greece 2021" and the "do-it-yourself" bicentenary / Tasos Kostopoulos -- Chapter 9. 1821 tweets: Networks and discourses around the greek revolution bicentenary / Panos Tsimpoukis and Nikos Smyrnaios -- Chapter 10. Digital storytelling from below: Revolutionary athens through a kaleidoscope / Andromache Gazi, Thodoris Giannakis, Ilias Marmaras, Yiannis Skoulidas, Yannis Stoyannidis, Foteini Venieri, and Stewart Ziff -- Part 3 contemporary focus-- Chapter 11. Firefund.net: An "online translocal connection" of anarchist(ic) social movements / Stamatis Poulakidakos -- Chapter 12. From anti-gentrification to fab lab community: Spatialization of conflicts, contentious politics, and the limits of techno-politics in urban areas / Leandros Savvides -- Chapter 13. Depictions of emotions in news media's visual framing of small-scale protests in greece / Anastasia Veneti -- Chapter 14. From duty to impulsion: Obstacles to organizing future revolutions / Robert Latham -- Chapter 15. Discussing with roger hallam, environmental revolutionary and co-founder of extinction rebellion / Athina Karatzogianni and Jacob Matthews. 
506 |a Plný text je dostupný pouze z IP adres počítačů Univerzity Tomáše Bati ve Zlíně nebo vzdáleným přístupem pro zaměstnance a studenty 
520 |a Throughout the 19th century, revolutionary movements united intellectuals, artists, dissidents, and significant segments of the population in joint crusades in the name of justice or liberation against empires and aristocratic elites, often across class, religious, race and national lines. Duty to Revolt takes the Greek Revolution as a foundational historical departure point to investigate historical continuities and discontinuities in transnational and commemorative aspects of revolutionary wars. This edited collection provides an innovative and comprehensive contribution to the study of historical revolutions and their commemoration, as well as contemporary protests and uprisings, and how they are communicated today in everyday networked media. Duty to Revolt is the first work of its kind to take an interdisciplinary approach across historical time on this subject and bringing together leading and emerging scholars in several fields, merging history and political science with digital media and communication studies. 
588 0 |a Print version record. 
650 0 |a Revolutions  |x History. 
650 0 |a Government, Resistance to  |x History. 
650 0 |a Memorials. 
650 7 |a Political Science  |x History & Theory.  |2 bisacsh 
650 7 |a Revolutionary groups & movements.  |2 bicssc 
655 7 |a elektronické knihy  |7 fd186907  |2 czenas 
655 9 |a electronic books  |2 eczenas 
700 1 |a Souvlis, George,  |e editor. 
700 1 |a Karatzogianni, Athina,  |e editor. 
776 0 8 |i Print version:  |z 9781803823164 
776 0 8 |i PDF version:  |z 9781803823157 
830 0 |a Digital activism and society. 
856 4 0 |u https://proxy.k.utb.cz/login?url=https://doi.org/10.1108/9781803823157